000 01674nam a2200205 4500
999 _c63840
_d63840
003 Ge_BSU
005 20260202205933.0
008 260202s2006 ge ||||| |||| 00| 0 geo d
020 _a999400624X
041 _ageo
080 _a342.4(100-87) ს-17
245 _aსაზღვარგარეთის ქვეყნების კონსტიტუციები. ნაწ. 3 :
_b[ბოსნია და ჰერცეგოვინა. გერმანია. ესპანეთი. ესტონეთი. თურქეთი. კანადა. ნორვეგია. რუმინეთი. უკრაინა. უნგრეთი. ყაზახეთი. ხორვატია] /
_c [შემდგ.: ვასილ გონაშვილი და სხვ.; სარედ. კოლ.: ლ. ბეჟაშვილი და სხვ.]; კავშირი "იურისტები სამართლ. სახელმწიფოსთვის".
264 _aთბილისი :
_bთბილისელები,
_c2006.
300 _a858 გვ.;
_b21 სმ.
653 _aსაზღვარგარეთის ქვეყნების კონსტიტუციები
700 _aგონაშვილი, ვასილ
_eშემდგენელი, რედაქტორი
_926785
700 _aბეჟაშვილი, ლ.
_eრედაქტორი
_916831
710 _aკავშირი "იურისტები სამართლებრივი სახელმწიფოსთვის".
_916832
942 _2udc
_cᲬᲘᲒᲜᲘ